• 首页
  • 本馆介绍
  • 公告通知
  • 最新文献
  • 馆藏检索
  • 电子资源
  • 读者导购
  • 参考咨询
  • 我的图书馆
  • 登录
  • 详细信息显示
  • 放入我的书架
  • 预约/预借图书
  • 作者相关作品
  • 分类相关作品
  • 丛书相关作品
  • 出版社相关作品

书目信息

  • 表格格式
  • 工作单格式
  • 卡片格式
题名:
产业转型的地方实践
    
 
作者: 任克强 著
分册:  
出版信息: 北京   中国社会科学出版社  2017.11
页数: 204页
开本: 24cm
丛书名: 金陵智库丛书
单 册:
中图分类: X321.253.3
科图分类:
主题词: 工业园区--生态环境建设--研究--苏州
电子资源:
ISBN: 978-7-5203-1194-6
000 01288oam2 2200253 450
001 4572
005 20181012131738.00
010    @a978-7-5203-1194-6@dCNY58.00
100    @a20180217d2017 em y0chiy50 ea
101 0  @achi
102    @aCN@b110000
105    @ay z 000yy
200 1  @a产业转型的地方实践@9chan ye zhuan xing de di fang shi jian@e苏南工业园区的生态文明建设@f任克强等著
210    @a北京@c中国社会科学出版社@d2017.11
215    @a204页@d24cm
225 1  @a金陵智库丛书@f叶南客主编
300    @a江苏省社科基金青年项目“苏南工业集聚区生态文明建设研究”最终成果;国家社科基金一般项目“苏南—苏北产业转承中的环境污染转移机制、测度与矫正制度设计研究”阶段性成果
330    @a本书从产业转型与生态文明的视角,借鉴美国“锈带地区”、日本京滨工业区与德国鲁尔区的产业转型经验,以苏南工业园区为考察对象,探究产业转型与生态文明建设的地方实践经验与模式路径,从制度设置、技术路径和社会逻辑等不同维度和侧面分析了苏南工业园区的生态转型实践。在反思生态现代化理论基础上,提出了解释当前环境污染的“政绩跑步机”框架和推进苏南工业园区生态文明建设的政策建议。
461  0 @12001 @a金陵智库丛书
606 0  @a工业园区@x生态环境建设@x研究@y苏州
690    @aX321.253.3@v5
701  0 @a任克强@9ren ke qiang@f(1982-)@4著
801  0 @aCN@b91MARC@c20180217
905    @aMuseLib@dX321.253.3@e254
    
    产业转型的地方实践:苏南工业园区的生态文明建设/任克强等著.-北京:中国社会科学出版社,2017.11
    204页;24cm.-(金陵智库丛书/叶南客主编)
    江苏省社科基金青年项目“苏南工业集聚区生态文明建设研究”最终成果;国家社科基金一般项目“苏南—苏北产业转承中的环境污染转移机制、测度与矫正制度设计研究”阶段性成果
    
    ISBN 978-7-5203-1194-6:CNY58.00
    本书从产业转型与生态文明的视角,借鉴美国“锈带地区”、日本京滨工业区与德国鲁尔区的产业转型经验,以苏南工业园区为考察对象,探究产业转型与生态文明建设的地方实践经验与模式路径,从制度设置、技术路径和社会逻辑等不同维度和侧面分析了苏南工业园区的生态转型实践。在反思生态现代化理论基础上,提出了解释当前环境污染的“政绩跑步机”框架和推进苏南工业园区生态文明建设的政策建议。
●
相关链接 在E读中查询图书 在五车中查询图书 在当当中查询图书 在豆瓣中查询图书


正题名:产业转型的地方实践     索取号:X321.253.3/254         预约/预借

序号 登录号 条形码 馆藏地/架位号 状态 备注
1 1125776   211257762   第二样本阅览室/ [索取号:X321.253.3/254] 在馆    
2 1125777   211257771   密集书库-资源管理系/ [索取号:X321.253.3/254] 在馆    
3 1125778   211257780   第三借阅区/ [索取号:X321.253.3/254] 在馆    
4 1125779   211257799   第三借阅区/ [索取号:X321.253.3/254] 在馆    
5 1125780   211257806   第三借阅区/ [索取号:X321.253.3/254] 在馆    
唐山师范学院图书馆 欢迎您!
大连网信软件有限公司© 版权所有